| 000 | 008480000a22002650004500 | ||
|---|---|---|---|
| 003 | LK-CoMWRAF | ||
| 008 | 230817t1997 ||||| |||| 00| 0 eng d | ||
| 020 | _a9698408 | ||
| 040 |
_aLK-CoMWRAF _dLK-CoMWRAF _eLK-CoMWRAF |
||
| 041 | _aeng | ||
| 082 |
_a305.42 _bENG |
||
| 111 |
_aSIMORGH CONFERENCE ON ENGENDERING THE NATION-STATE _c(Lahore _dOctober 1997) |
||
| 245 | _aEngendering the Nation- State Vol.2 | ||
| 260 |
_aLahore: _bSimorgh Women's Resource and Publication Centre, _c1997 |
||
| 300 | _a158 p. : ill. ; 22cm | ||
| 650 | _aWOMEN-Pakistan--Social conditions | ||
| 650 | _aWomen's rights-Pakistan | ||
| 650 | _aSex role--Pakistan | ||
| 650 | _aNation-state | ||
| 650 | _aPakistan -Social policy -Congresses | ||
| 700 |
_aHussain, Neelam _eed. |
||
| 700 |
_a Mumtaz, Samiya _eed. |
||
| 700 |
_aSaigol, Rubina _eed. |
||
| 942 | _cCP | ||
| 999 |
_c390 _d390 |
||